[Event "X Festival Magistrale"]
[Site "Celle Ligure ITA"]
[Date "1995.04.??"]
[Round "8"]
[White "Leoncini, Mario"]
[Black "Vigano', Massimo"]
[Result "1/2-1/2"]
[WhiteElo "2185"]
[BlackElo "1935"]
[PlyCount "59"]
[EventDate "1995.04.01"]

1. e4 e6 2. d4 d5 3. Nc3 Bb4 4. e5 Ne7 5. a3 Bxc3+ 6. bxc3 c5 7. Qg4 cxd4 8.
Qxg7 Rg8 9. Qxh7 Nbc6 10. f4 Qc7 11. Ne2 Bd7 12. Qd3 dxc3 13. Qxc3 Nf5 14. Rb1
O-O-O 15. h4 Kb8 16. Rh3 Rg4 17. h5 Rdg8 18. Bd2 Qd8 19. g3 Nce7 20. Qb3 Bc6
21. Bg2 R4g7 22. Kf2 Qc7 23. Bf3 Nh6 24. Nd4 Nef5 25. Nxf5 Nxf5 26. Bd1 Rxg3
27. Rxg3 Rxg3 28. Qb4 Qd8 29. Bf3 a6 30. Be1 1/2-1/2

[Event "X Festival Magistrale"]
[Site "Celle Ligure ITA"]
[Date "1995.04.??"]
[Round "8"]
[White "Mordiglia, Riccardo"]
[Black "Palmiotto, Fiorentino"]
[Result "0-1"]
[WhiteElo "1873"]
[BlackElo "2195"]
[PlyCount "76"]
[EventDate "1995.04.01"]

1. e4 c5 2. b4 d6 3. bxc5 dxc5 4. c3 Nc6 5. Nf3 e5 6. Bc4 Qd6 7. Qb3 Qg6 8. O-O
Bd6 9. d4 Nge7 10. Ng5 O-O 11. Nxf7 Rxf7 12. f4 exd4 13. Bb2 Na5 14. Bxf7+ Qxf7
15. Qxf7+ Kxf7 16. cxd4 Nc4 17. Bc3 cxd4 18. Bxd4 Nc6 19. Bf2 Rb8 20. Nc3 b5
21. e5 Ba3 22. Rad1 Bg4 23. Rd5 a6 24. h3 Be6 25. Rdd1 Nb2 26. Rd2 Bc4 27. Rb1
Nd3 28. e6+ Kxe6 29. Ne4 h6 30. Be3 Kf7 31. Nf2 Re8 32. Bb6 Nxf4 33. Rbd1 Ne2+
34. Kh2 Nc3 35. Ra1 Re6 36. Bd4 Bd6+ 37. Kh1 Nxd4 38. Rxd4 Be5 0-1

[Event "X Festival Magistrale"]
[Site "Celle Ligure ITA"]
[Date "1995.04.??"]
[Round "8"]
[White "Nurkic, Sahbaz"]
[Black "Pappalardo, Paolo"]
[Result "1-0"]
[WhiteElo "2450"]
[BlackElo "1911"]
[PlyCount "83"]
[EventDate "1995.04.01"]

1. e4 c5 2. Nf3 Nc6 3. Bb5 e6 4. O-O Nge7 5. Re1 a6 6. Bf1 d5 7. e5 Ng6 8. c3
c4 9. b3 b5 10. a4 Bb7 11. d3 Qc7 12. axb5 Ncxe5 13. Nxe5 Nxe5 14. Bf4 Bd6 15.
Bxe5 Bxe5 16. Qh5 Bf6 17. Rxe6+ Kf8 18. Rxf6 gxf6 19. Qh6+ Ke7 20. Nd2 Qe5 21.
Nf3 Qxc3 22. Re1+ Kd7 23. Qh3+ Kd8 24. Qg3 Kd7 25. Qg4+ Kd8 26. Qf4 Kd7 27. g3
Rhe8 28. Bh3+ Re6 29. Rc1 Qb2 30. dxc4 axb5 31. cxd5 Bxd5 32. Bxe6+ fxe6 33.
Rc7+ Ke8 34. Qd6 Qb1+ 35. Kg2 Bxf3+ 36. Kxf3 Qh1+ 37. Kf4 e5+ 38. Kf5 Qf3+ 39.
Ke6 Qxb3+ 40. Kxf6 Qf3+ 41. Kg7 Qg4+ 42. Kh8 1-0

[Event "X Festival Magistrale"]
[Site "Celle Ligure ITA"]
[Date "1995.04.??"]
[Round "8"]
[White "Ortega, Lexy"]
[Black "Di Paolo, Raffaele"]
[Result "1-0"]
[WhiteElo "2435"]
[BlackElo "2265"]
[PlyCount "73"]
[EventDate "1995.04.01"]

1. e4 Nc6 2. Nf3 e5 3. Nc3 Nf6 4. Bb5 Bb4 5. O-O O-O 6. d3 Bxc3 7. bxc3 d6 8.
Bg5 Qe7 9. Re1 Nd8 10. d4 Bg4 11. h3 Bxf3 12. Qxf3 Ne6 13. Be3 c6 14. Bf1 c5
15. dxe5 dxe5 16. Bc4 Rfd8 17. a4 Nc7 18. Red1 b6 19. Rd3 h6 20. Rad1 Rxd3 21.
cxd3 Rd8 22. Rb1 Rd6 23. Qg3 Nd7 24. f4 Kh7 25. Rf1 Rg6 26. Qf3 Qh4 27. Bxf7
Rg3 28. Bf2 Rxf3 29. Bxh4 Rxd3 30. Bd8 Nf6 31. Bxc7 Rd7 32. Bb8 exf4 33. Be6
Re7 34. Bf5+ g6 35. Bd6 Re8 36. e5 gxf5 37. exf6 1-0

[Event "IV Weekend A"]
[Site "Ceriano Laghetto ITA"]
[Date "1995.02.??"]
[Round "1"]
[White "Agostani, Andrea"]
[Black "Marinescu, Marian"]
[Result "1/2-1/2"]
[WhiteElo "1954"]
[BlackElo "1944"]
[PlyCount "27"]
[EventDate "1995.02.04"]

1. d4 d5 2. Nf3 Nf6 3. c4 c6 4. cxd5 cxd5 5. Nc3 Nc6 6. Bf4 Qa5 7. Qa4 Qxa4 8.
Nxa4 e6 9. Nc3 Bb4 10. e3 Ne4 11. Rc1 O-O 12. Bb5 Bd7 13. O-O Nxc3 14. bxc3
1/2-1/2

[Event "IV Weekend A"]
[Site "Ceriano Laghetto ITA"]
[Date "1995.02.??"]
[Round "1"]
[White "Barlocco, Carlo"]
[Black "Cappello, Guido"]
[Result "0-1"]
[WhiteElo "2235"]
[BlackElo "2235"]
[PlyCount "80"]
[EventDate "1995.02.04"]

1. Nf3 Nf6 2. c4 g6 3. g3 Bg7 4. Bg2 O-O 5. O-O d6 6. Nc3 c6 7. Rb1 Bf5 8. d3
Qd7 9. Re1 e5 10. e4 Bh3 11. b4 Bxg2 12. Kxg2 Nh5 13. b5 f5 14. d4 exd4 15.
Nxd4 f4 16. f3 fxg3 17. hxg3 Qf7 18. Be3 c5 19. f4 cxd4 20. Bxd4 Nd7 21. Bxg7
Qxg7 22. Rc1 Nb6 23. Qxd6 Rad8 24. Qe6+ Kh8 25. Nd5 Nxd5 26. cxd5 Rxf4 27. e5
Rdf8 28. Rc8 Rf2+ 29. Kg1 R2f3 30. Rec1 Rxg3+ 31. Kh2 Rg2+ 32. Kh1 Rgf2 33.
Rxf8+ Rxf8 34. Rc8 Nf4 35. Rxf8+ Qxf8 36. Qd6 Qh6+ 37. Kg1 Qg5+ 38. Kf2 Nd3+
39. Kf1 Qf4+ 40. Kg1 Qg3+ 0-1

[Event "IV Weekend A"]
[Site "Ceriano Laghetto ITA"]
[Date "1995.02.??"]
[Round "1"]
[White "Duarte, Riccardo"]
[Black "Piantoni, Roberto"]
[Result "1-0"]
[WhiteElo "2030"]
[BlackElo "2067"]
[PlyCount "49"]
[EventDate "1995.02.04"]

1. e4 e6 2. d4 d5 3. Nd2 Nf6 4. e5 Nfd7 5. Bd3 c5 6. c3 Nc6 7. Ngf3 cxd4 8.
cxd4 Qb6 9. Nb3 f6 10. O-O fxe5 11. Nxe5 Ndxe5 12. dxe5 Nxe5 13. Qh5+ Nf7 14.
Be3 Qd8 15. Bd4 Bd7 16. f4 b6 17. f5 Qg5 18. Qe2 e5 19. Bxe5 Nxe5 20. Qxe5+ Be7
21. Rae1 Qf6 22. Qxd5 Rd8 23. Nd4 Ba4 24. Bb5+ Kf8 25. Ne6+ 1-0

[Event "IV Weekend A"]
[Site "Ceriano Laghetto ITA"]
[Date "1995.02.??"]
[Round "1"]
[White "Gazzarri, Alberto"]
[Black "Rossi, Giampiero"]
[Result "1/2-1/2"]
[WhiteElo "2210"]
[BlackElo "2145"]
[PlyCount "55"]
[EventDate "1995.02.04"]

1. e4 c5 2. c3 d5 3. exd5 Qxd5 4. d4 e6 5. Nf3 Nc6 6. Be2 cxd4 7. cxd4 Nf6 8.
O-O Be7 9. Nc3 Qd6 10. Nb5 Qd8 11. g3 Nd5 12. Bc4 a6 13. Bxd5 axb5 14. Be4 O-O
15. Qe2 b4 16. Bf4 Bd6 17. Bxd6 Qxd6 18. Rfd1 h6 19. d5 exd5 20. Bxd5 Qf6 21.
Nh4 Rd8 22. Bg2 Be6 23. b3 Rxd1+ 24. Rxd1 Rd8 25. Rxd8+ Qxd8 26. h3 Qd4 27. Nf3
Qf6 28. Qd2 1/2-1/2

[Event "IV Weekend A"]
[Site "Ceriano Laghetto ITA"]
[Date "1995.02.??"]
[Round "1"]
[White "Kokash, Fuad"]
[Black "Caloni, Ugo"]
[Result "1-0"]
[WhiteElo "1855"]
[BlackElo "1902"]
[PlyCount "133"]
[EventDate "1995.02.04"]

1. e4 c5 2. Nf3 a6 3. c3 d5 4. e5 d4 5. d3 Nc6 6. Be2 e6 7. O-O Nge7 8. Re1 Ng6
9. Bf1 Be7 10. a4 O-O 11. Nbd2 Rb8 12. g3 Qc7 13. Qe2 b5 14. h4 f5 15. exf6
gxf6 16. Ne4 Bd6 17. Bh6 Rf7 18. Bh3 e5 19. Bxc8 Rxc8 20. h5 Nge7 21. Nh4 f5
22. Nxd6 Qxd6 23. Bd2 Nd5 24. Nxf5 Qf6 25. Nh6+ Kh8 26. Nxf7+ Qxf7 27. axb5
axb5 28. Ra6 Qd7 29. Rxc6 Rxc6 30. Qxe5+ Kg8 31. Qe8+ Qxe8 32. Rxe8+ Kf7 33.
Rb8 dxc3 34. bxc3 Nc7 35. Bf4 Nd5 36. Bd2 Nb6 37. Rb7+ Kg8 38. Be3 h6 39. Bxc5
Na4 40. Bb4 Nxc3 41. Bxc3 Rxc3 42. Rxb5 Rxd3 43. Rb6 Kh7 44. g4 Rd4 45. Rg6 Ra4
46. Kg2 Ra3 47. f4 Rb3 48. f5 Ra3 49. f6 Ra2+ 50. Kf3 Ra1 51. Ke4 Ra4+ 52. Kd5
Ra5+ 53. Kc6 Ra7 54. Kd6 Ra6+ 55. Ke5 Ra5+ 56. Kf4 Ra4+ 57. Kg3 Ra3+ 58. Kf2
Ra2+ 59. Ke3 Ra3+ 60. Kd4 Ra4+ 61. Kc5 Ra7 62. Kc6 Rf7 63. Kd6 Ra7 64. Rg7+
Rxg7 65. fxg7 Kg8 66. Ke6 Kh7 67. g8=Q+ 1-0

[Event "IV Weekend A"]
[Site "Ceriano Laghetto ITA"]
[Date "1995.02.??"]
[Round "1"]
[White "Nurkic, Sahbaz"]
[Black "Bellini, Fabio"]
[Result "1-0"]
[WhiteElo "2450"]
[BlackElo "2350"]
[PlyCount "65"]
[EventDate "1995.02.04"]

1. e4 e6 2. d4 d5 3. Nd2 dxe4 4. Nxe4 Bd7 5. Nf3 Bc6 6. Bd3 Nd7 7. O-O Ngf6 8.
Qe2 Nxe4 9. Bxe4 Bxe4 10. Qxe4 c6 11. c4 Be7 12. Bf4 O-O 13. Rfd1 Qa5 14. Qe2
Qf5 15. Bg3 Rfe8 16. Rac1 Rad8 17. Rc3 Bf6 18. Re3 g6 19. h3 Bg7 20. d5 cxd5
21. cxd5 Nb6 22. dxe6 Rxd1+ 23. Qxd1 fxe6 24. Ne5 Nd5 25. Rf3 Qe4 26. Nf7 Rc8
27. Nd6 Qc2 28. Qf1 Rc6 29. Kh2 e5 30. Qb5 Nf6 31. Rxf6 Bxf6 32. Qd5+ Kh8 33.
Qf7 1-0

[Event "IV Weekend A"]
[Site "Ceriano Laghetto ITA"]
[Date "1995.02.??"]
[Round "2"]
[White "Caloni, Ugo"]
[Black "Bellini, Fabio"]
[Result "0-1"]
[WhiteElo "1902"]
[BlackElo "2350"]
[PlyCount "122"]
[EventDate "1995.02.04"]

1. d4 Nf6 2. c4 e6 3. Nf3 b6 4. Nc3 Bb4 5. Bd2 Bb7 6. e3 O-O 7. Be2 d6 8. b3
Nbd7 9. O-O Bxc3 10. Bxc3 Ne4 11. Bb2 f5 12. Nd2 Qg5 13. f4 Qe7 14. Nxe4 Bxe4
15. Qe1 a5 16. Rc1 h6 17. Qg3 Kh7 18. h4 Rg8 19. Bf3 Nf6 20. Rfd1 a4 21. b4 a3
22. Bc3 Qe8 23. Be2 Bb7 24. Bd3 Qh5 25. Kf2 Ng4+ 26. Ke1 Nf6 27. Kd2 Qe8 28.
Ke2 Be4 29. Kd2 Bxd3 30. Kxd3 b5 31. c5 Qc6 32. Qf3 Ne4 33. Be1 Qd5 34. Rc2
dxc5 35. bxc5 Ra4 36. Ke2 Rb8 37. Kf1 Rc4 38. Qe2 Kg6 39. Rb1 Rxc2 40. Qxc2 c6
41. Qb3 Ra8 42. Qxd5 exd5 43. Rb4 Kh5 44. g3 Kg4 45. Kg2 Ra7 46. Rb1 Ra4 47.
Rc1 Rc4 48. Rxc4 bxc4 49. Bb4 g6 50. h5 gxh5 51. Kh2 h4 52. gxh4 Kf3 53. h5
Kxe3 54. Bxa3 Kxd4 55. Bb4 c3 56. a4 c2 57. Ba3 Kc4 58. a5 Kb5 59. a6 Kxa6 60.
Kg2 d4 61. Kf3 d3 0-1

[Event "IV Weekend A"]
[Site "Ceriano Laghetto ITA"]
[Date "1995.02.??"]
[Round "2"]
[White "Cappello, Guido"]
[Black "Duarte, Riccardo"]
[Result "1/2-1/2"]
[WhiteElo "2235"]
[BlackElo "2030"]
[PlyCount "78"]
[EventDate "1995.02.04"]

1. d4 d5 2. c4 Nf6 3. cxd5 Nxd5 4. e4 Nf6 5. Nc3 e6 6. Nf3 Be7 7. Bd3 b6 8. O-O
O-O 9. Qe2 Bb7 10. Rd1 Nbd7 11. Bg5 h6 12. Bf4 Nh5 13. Be3 Nhf6 14. Rac1 c6 15.
Bb1 Nh7 16. Qc2 Ng5 17. Nxg5 Bxg5 18. f4 Be7 19. d5 cxd5 20. exd5 Nf6 21. Ne4
Nxe4 22. Qxe4 g6 23. Qf3 Bxd5 24. Qh3 Kg7 25. Be4 Rc8 26. f5 g5 27. Rxc8 Qxc8
28. Bxd5 exd5 29. Bd4+ f6 30. Qe3 Bc5 31. Qc3 Rd8 32. g4 Bxd4+ 33. Qxd4 Qc5 34.
Kg2 Qxd4 35. Rxd4 Kf7 36. Rd3 Ke7 37. Re3+ Kf7 38. Rd3 Ke7 39. Re3+ Kf7 1/2-1/2

[Event "IV Weekend A"]
[Site "Ceriano Laghetto ITA"]
[Date "1995.02.??"]
[Round "2"]
[White "Gazzarri, Alberto"]
[Black "Agostani, Andrea"]
[Result "0-1"]
[WhiteElo "2210"]
[BlackElo "1954"]
[PlyCount "78"]
[EventDate "1995.02.04"]

1. e4 Nf6 2. Nc3 d6 3. d4 g6 4. Be2 Bg7 5. Be3 O-O 6. Qd2 Nbd7 7. Bh6 c6 8. h4
e6 9. h5 Qe7 10. O-O-O b5 11. Bf3 e5 12. Bxg7 Kxg7 13. Nce2 Nb6 14. hxg6 fxg6
15. Ng3 Nc4 16. Qh6+ Kg8 17. Qg5 d5 18. N1e2 Qb4 19. Rdg1 Qxb2+ 20. Kd1 Qa1+
21. Qc1 Qxa2 22. Rh4 Qb2 23. Rgh1 Qxc1+ 24. Kxc1 Be6 25. dxe5 Nxe5 26. Nd4 Bd7
27. exd5 cxd5 28. Be2 a6 29. f4 Nc6 30. Nf3 Bg4 31. Ng5 Bxe2 32. Nxe2 Ra7 33.
g4 Re8 34. Ng3 Re3 35. R1h3 Nd4 36. Kd2 Rae7 37. f5 Nf3+ 38. Nxf3 Rxf3 39. fxg6
Rxg3 0-1

[Event "IV Weekend A"]
[Site "Ceriano Laghetto ITA"]
[Date "1995.02.??"]
[Round "2"]
[White "Marinescu, Marian"]
[Black "Rossi, Giampiero"]
[Result "1/2-1/2"]
[WhiteElo "1944"]
[BlackElo "2145"]
[PlyCount "26"]
[EventDate "1995.02.04"]

1. d4 d5 2. Nf3 c6 3. e3 Bf5 4. Bd3 Bxd3 5. cxd3 Nf6 6. O-O e6 7. Nc3 Be7 8. e4
O-O 9. Qe2 Nbd7 10. e5 Ne8 11. Re1 g6 12. Bh6 Ng7 13. Rac1 Qb6 1/2-1/2

[Event "IV Weekend A"]
[Site "Ceriano Laghetto ITA"]
[Date "1995.02.??"]
[Round "2"]
[White "Nurkic, Sahbaz"]
[Black "Kokash, Fuad"]
[Result "1-0"]
[WhiteElo "2450"]
[BlackElo "1855"]
[PlyCount "65"]
[EventDate "1995.02.04"]

1. e4 e6 2. d4 d5 3. Nd2 c5 4. Ngf3 Qa5 5. exd5 exd5 6. Be2 Nc6 7. dxc5 Bxc5 8.
O-O Nf6 9. Nb3 Qb6 10. Nxc5 Qxc5 11. Be3 Qe7 12. Re1 O-O 13. Bd3 Be6 14. Bg5 h6
15. Bh4 g5 16. Nxg5 hxg5 17. Bxg5 Kg7 18. Re3 Rg8 19. Rf3 Bg4 20. Bxf6+ Qxf6
21. Rg3 Kf8 22. Rxg4 Rh8 23. c3 Re8 24. h3 Ne5 25. Rg3 Rh4 26. Qb3 b6 27. Bb5
Rd8 28. Re1 d4 29. Qa3+ Rd6 30. Qxa7 dxc3 31. bxc3 Ng6 32. Bd3 Nf4 33. Re8+ 1-0

[Event "IV Weekend A"]
[Site "Ceriano Laghetto ITA"]
[Date "1995.02.??"]
[Round "2"]
[White "Piantoni, Roberto"]
[Black "Barlocco, Carlo"]
[Result "1-0"]
[WhiteElo "2067"]
[BlackElo "2235"]
[PlyCount "57"]
[EventDate "1995.02.04"]

1. d4 Nf6 2. Nf3 c5 3. e3 d5 4. c3 e6 5. Nbd2 Nc6 6. Bd3 Bd6 7. O-O O-O 8. dxc5
Bxc5 9. e4 e5 10. exd5 Nxd5 11. Ne4 Be7 12. Qe2 f5 13. Rd1 fxe4 14. Bxe4 Be6
15. c4 Nd4 16. Nxd4 exd4 17. cxd5 Bf7 18. Rxd4 Bc5 19. Rd3 Qe7 20. Bf3 Qh4 21.
Be3 Rae8 22. Rc1 b6 23. Qd1 Bg6 24. Bxc5 bxc5 25. Rdc3 Re5 26. Re3 Be4 27. Rc4
Rxf3 28. Qxf3 Qe7 29. Rcxe4 1-0

[Event "IV Weekend A"]
[Site "Ceriano Laghetto ITA"]
[Date "1995.02.??"]
[Round "3"]
[White "Agostani, Andrea"]
[Black "Duarte, Riccardo"]
[Result "1/2-1/2"]
[WhiteElo "1954"]
[BlackElo "2030"]
[PlyCount "65"]
[EventDate "1995.02.04"]

1. d4 d5 2. c4 e6 3. Nc3 Be7 4. Nf3 Nf6 5. Bg5 Nbd7 6. e3 c6 7. Bd3 h6 8. Bh4
O-O 9. Rc1 Nh5 10. Bxe7 Qxe7 11. cxd5 exd5 12. O-O Nhf6 13. e4 dxe4 14. Re1 Qb4
15. Nxe4 Nxe4 16. Bxe4 Qxb2 17. d5 cxd5 18. Bxd5 Qf6 19. Rc7 Rb8 20. Qb3 Qf4
21. Rec1 Nb6 22. Bxf7+ Rxf7 23. Ne5 Qxe5 24. Qxf7+ Kh7 25. Re7 Qg5 26. Rcc7 Bd7
27. Rexd7 Nxd7 28. Qxd7 Rd8 29. Qa4 Qd2 30. g3 Rf8 31. Qxa7 Qd1+ 32. Kg2 Qf3+
33. Kg1 1/2-1/2

[Event "IV Weekend A"]
[Site "Ceriano Laghetto ITA"]
[Date "1995.02.??"]
[Round "3"]
[White "Barlocco, Carlo"]
[Black "Caloni, Ugo"]
[Result "1-0"]
[WhiteElo "2235"]
[BlackElo "1902"]
[PlyCount "55"]
[EventDate "1995.02.04"]

1. e4 c5 2. Nf3 a6 3. d4 cxd4 4. Bc4 Qa5+ 5. c3 dxc3 6. Nxc3 d6 7. O-O Nf6 8.
Bf4 Nc6 9. Nd5 b5 10. Nxf6+ gxf6 11. Qd5 Kd7 12. Bb3 e6 13. Qh5 Nd8 14. Rfd1
Bb7 15. Nd2 e5 16. Bg3 Ke7 17. f4 Rg8 18. Qxh7 Rg6 19. fxe5 dxe5 20. Nf3 Rg7
21. Qh4 Rxg3 22. Qxg3 Bxe4 23. Nxe5 Qb6+ 24. Kh1 Bxg2+ 25. Qxg2 fxe5 26. Qxa8
Nb7 27. Bd5 Nd6 28. Rac1 1-0

[Event "IV Weekend A"]
[Site "Ceriano Laghetto ITA"]
[Date "1995.02.??"]
[Round "3"]
[White "Cappello, Guido"]
[Black "Nurkic, Sahbaz"]
[Result "0-1"]
[WhiteElo "2235"]
[BlackElo "2450"]
[PlyCount "54"]
[EventDate "1995.02.04"]

1. e4 g6 2. d4 Bg7 3. c4 d6 4. Nc3 Nc6 5. Be3 e5 6. dxe5 dxe5 7. Qxd8+ Nxd8 8.
O-O-O c6 9. Nf3 Bg4 10. Be2 Bxf3 11. Bxf3 Nf6 12. g4 Ne6 13. g5 Nd7 14. h4 h5
15. Rd2 f6 16. Rhd1 Nd4 17. Bxd4 exd4 18. Rxd4 Ne5 19. gxf6 Bh6+ 20. Kc2 Nxf3
21. Rd7 O-O 22. Rxb7 Rxf6 23. Rdd7 Ne5 24. Re7 Rxf2+ 25. Kb1 Nxc4 26. e5 Nd2+
27. Kc2 Ne4+ 0-1

[Event "IV Weekend A"]
[Site "Ceriano Laghetto ITA"]
[Date "1995.02.??"]
[Round "3"]
[White "Kokash, Fuad"]
[Black "Marinescu, Marian"]
[Result "1-0"]
[WhiteElo "1855"]
[BlackElo "1944"]
[PlyCount "59"]
[EventDate "1995.02.04"]

1. e4 c5 2. Nf3 Nc6 3. Bc4 g6 4. O-O Bg7 5. c3 Nf6 6. e5 Ne4 7. d3 d5 8. Bb5
Bg4 9. dxe4 dxe4 10. Qxd8+ Rxd8 11. Nfd2 Bf5 12. Nc4 O-O 13. Bxc6 bxc6 14. Be3
Rd5 15. Bf4 Be6 16. Nba3 Rfd8 17. Rfe1 Bf5 18. h3 h5 19. Nc2 g5 20. Bxg5 Bxe5
21. Bxe7 Re8 22. N2e3 Rxe7 23. Nxf5 Re6 24. Nce3 Rd2 25. Rab1 Re8 26. Red1 Rd3
27. Rxd3 exd3 28. Rd1 Rd8 29. Ne7+ Kf8 30. Nxc6 1-0

[Event "IV Weekend A"]
[Site "Ceriano Laghetto ITA"]
[Date "1995.02.??"]
[Round "3"]
[White "Piantoni, Roberto"]
[Black "Gazzarri, Alberto"]
[Result "1/2-1/2"]
[WhiteElo "2067"]
[BlackElo "2210"]
[PlyCount "37"]
[EventDate "1995.02.04"]

1. d4 d5 2. Nf3 Nf6 3. e3 c6 4. Bd3 Bg4 5. Nbd2 Nbd7 6. c4 e6 7. Qb3 Qb6 8. O-O
Be7 9. Qc2 Qc7 10. b3 Bh5 11. Bb2 Bg6 12. Rac1 O-O 13. Bxg6 hxg6 14. Ne5 Nxe5
15. dxe5 Ng4 16. Nf3 Rad8 17. h3 Nh6 18. Qb1 Rd7 19. Rfd1 1/2-1/2

[Event "IV Weekend A"]
[Site "Ceriano Laghetto ITA"]
[Date "1995.02.??"]
[Round "3"]
[White "Rossi, Giampiero"]
[Black "Bellini, Fabio"]
[Result "1/2-1/2"]
[WhiteElo "2145"]
[BlackElo "2350"]
[PlyCount "120"]
[EventDate "1995.02.04"]

1. d4 Nf6 2. c4 e6 3. Nc3 Bb4 4. Qc2 O-O 5. a3 Bxc3+ 6. Qxc3 b6 7. Nf3 Bb7 8.
g3 a5 9. Bg2 a4 10. O-O d6 11. Rd1 Qe8 12. Bd2 Nc6 13. Be1 Na5 14. Nd2 Bxg2 15.
Kxg2 e5 16. dxe5 dxe5 17. f3 e4 18. Bf2 c5 19. b4 axb3 20. Nxb3 Qc6 21. Nxa5
Rxa5 22. Rab1 Re8 23. Rb3 h6 24. Rdb1 Ra6 25. Qb2 Re6 26. Re3 Qe8 27. Qb5 Qxb5
28. Rxb5 exf3+ 29. Kxf3 Rxe3+ 30. Bxe3 Nd7 31. Rb3 Ne5+ 32. Ke4 Nxc4 33. Kd5
Ra4 34. Kc6 Ra8 35. Rc3 Re8 36. Rxc4 Rxe3 37. Kxb6 Rxa3 38. Kxc5 Ra2 39. Re4
Rd2 40. Kc4 g5 41. Kc3 Rd1 42. h4 Rg1 43. Re3 Kg7 44. hxg5 hxg5 45. Kd4 f5 46.
Ke5 Kg6 47. Rf3 Re1 48. Rf2 g4 49. Kf4 Kf6 50. Ke3 Rh1 51. Kf4 Rg1 52. e4 fxe4
53. Kxg4+ Ke5 54. Rf8 Kd4 55. Rd8+ Ke3 56. Kh4 Rh1+ 57. Kg5 Kf3 58. g4 Ra1 59.
Rf8+ Kg3 60. Re8 Ra5+ 1/2-1/2

[Event "IV Weekend A"]
[Site "Ceriano Laghetto ITA"]
[Date "1995.02.??"]
[Round "4"]
[White "Agostani, Andrea"]
[Black "Kokash, Fuad"]
[Result "1-0"]
[WhiteElo "1954"]
[BlackElo "1855"]
[PlyCount "119"]
[EventDate "1995.02.04"]

1. d4 d5 2. c4 e6 3. Nf3 Nf6 4. Bg5 Be7 5. Nc3 O-O 6. e3 c6 7. Bd3 Nbd7 8. O-O
b6 9. Rc1 c5 10. cxd5 exd5 11. dxc5 bxc5 12. Bb1 Bb7 13. Qc2 Re8 14. Rfd1 g6
15. h4 Qc7 16. Ne2 Ng4 17. Nf4 Ndf6 18. Bxf6 Nxf6 19. h5 d4 20. Nxd4 Be4 21.
Qc4 Bxb1 22. Rxb1 g5 23. Nd3 Rac8 24. Nf5 Bf8 25. Ng3 Bd6 26. Nf5 Re4 27. Qa6
Re6 28. Nxd6 Rxd6 29. Qc4 Rcd8 30. Kf1 Qd7 31. Ke2 Qf5 32. Nxc5 Rxd1 33. Rxd1
Rxd1 34. Kxd1 Qxf2 35. Qe2 Qf5 36. Nd3 g4 37. h6 Qh5 38. Ne1 Qxh6 39. Qa6 Qg5
40. Qxa7 Qd5+ 41. Qd4 Qe6 42. b4 Kg7 43. a3 h5 44. Kd2 Kg6 45. b5 Ne4+ 46. Kc1
h4 47. Nd3 Qc8+ 48. Kb2 f5 49. b6 Qa6 50. Nf4+ Kf7 51. Qd7+ Kg8 52. b7 Qb6+ 53.
Ka1 Qf6+ 54. Qd4 Qf8 55. Qh8+ Kxh8 56. Ng6+ Kg7 57. Nxf8 h3 58. gxh3 g3 59.
Ne6+ Kf6 60. Nf4 1-0

[Event "IV Weekend A"]
[Site "Ceriano Laghetto ITA"]
[Date "1995.02.??"]
[Round "4"]
[White "Bellini, Fabio"]
[Black "Cappello, Guido"]
[Result "0-1"]
[WhiteElo "2350"]
[BlackElo "2235"]
[PlyCount "60"]
[EventDate "1995.02.04"]

1. e4 e6 2. d4 d5 3. e5 c5 4. c3 Nc6 5. Nf3 Qb6 6. a3 cxd4 7. cxd4 Nge7 8. b4
Bd7 9. Nc3 Nf5 10. Be3 Nxe3 11. fxe3 Nxb4 12. Na4 Bxa4 13. Qxa4+ Nc6 14. Bd3
Be7 15. O-O O-O 16. Rfc1 Rac8 17. Rab1 Qa5 18. Bb5 Qxa4 19. Bxa4 Na5 20. Bd7
Rxc1+ 21. Rxc1 Nc4 22. a4 Bd8 23. Kf2 Ba5 24. Bb5 Rc8 25. e4 a6 26. Bd7 Rc7 27.
exd5 exd5 28. e6 Kf8 29. Ng5 Bd2 30. Nxh7+ Ke7 0-1

[Event "IV Weekend A"]
[Site "Ceriano Laghetto ITA"]
[Date "1995.02.??"]
[Round "4"]
[White "Caloni, Ugo"]
[Black "Gazzarri, Alberto"]
[Result "1/2-1/2"]
[WhiteElo "1902"]
[BlackElo "2210"]
[PlyCount "87"]
[EventDate "1995.02.04"]

1. d4 d5 2. c4 c6 3. Nc3 Nf6 4. Bf4 e6 5. e3 Bd6 6. Bg5 Nbd7 7. c5 Be7 8. Bf4
O-O 9. b4 Re8 10. h3 Nf8 11. Nf3 Ng6 12. Bh2 Nd7 13. Be2 Bf6 14. O-O e5 15. a4
exd4 16. exd4 a6 17. Qd2 Ndf8 18. Bd3 Bd7 19. b5 Ne6 20. bxc6 Bxc6 21. Ne2 Qd7
22. Rfb1 Bd8 23. Bxg6 hxg6 24. Ne5 Qc8 25. Rb3 Nf8 26. Nxc6 Qxc6 27. Rab1 Qxa4
28. Rxb7 Ne6 29. Be5 Nxc5 30. Bxg7 Ne6 31. Be5 Bg5 32. f4 Bh6 33. h4 Rac8 34.
Qd3 Qc2 35. Qxa6 Qe4 36. Rf1 Rc2 37. Rf2 Rc4 38. Rb3 Qf5 39. Qb5 Rd8 40. Nc3
Qg4 41. Nxd5 Rc1+ 42. Rf1 Rxf1+ 43. Kxf1 Qd1+ 44. Kf2 1/2-1/2

[Event "IV Weekend A"]
[Site "Ceriano Laghetto ITA"]
[Date "1995.02.??"]
[Round "4"]
[White "Marinescu, Marian"]
[Black "Barlocco, Carlo"]
[Result "1-0"]
[WhiteElo "1944"]
[BlackElo "2235"]
[PlyCount "111"]
[EventDate "1995.02.04"]

1. d4 Nf6 2. Nf3 g6 3. Nbd2 Bg7 4. e4 d6 5. Bc4 O-O 6. Qe2 c6 7. c3 d5 8. Bb3
Bg4 9. e5 Nfd7 10. h3 Bxf3 11. Nxf3 e6 12. Bg5 Qb6 13. O-O c5 14. Rfd1 Nc6 15.
Ba4 Qa5 16. Bxc6 bxc6 17. Be7 Rfe8 18. b4 cxb4 19. Bxb4 Qb5 20. Qe3 Nb6 21. Qf4
h6 22. Rdb1 Qd3 23. Qc1 Nc4 24. Bc5 Reb8 25. Rxb8+ Rxb8 26. Bxa7 Rb2 27. a4 Rc2
28. Qe1 Rxc3 29. a5 Rb3 30. a6 Na3 31. Qf1 Qxf1+ 32. Kxf1 Nb5 33. Bb6 h5 34. a7
Nxa7 35. Bxa7 Bh6 36. Bc5 g5 37. Ra2 Kg7 38. Ke2 g4 39. hxg4 hxg4 40. Nd2 Rc3
41. Ra8 Kg6 42. Rg8+ Kf5 43. f3 gxf3+ 44. Nxf3 Re3+ 45. Kf2 Rb3 46. Nh4+ Kf4
47. g3+ Ke4 48. Kg2 Be3 49. Kh3 Kd3 50. Nf3 Rb2 51. Ne1+ Ke2 52. Ng2 Bg1 53.
Rg4 Kf1 54. Rf4+ Bf2 55. Ne3+ Ke2 56. Rxf2+ 1-0

[Event "IV Weekend A"]
[Site "Ceriano Laghetto ITA"]
[Date "1995.02.??"]
[Round "4"]
[White "Rossi, Giampiero"]
[Black "Piantoni, Roberto"]
[Result "1-0"]
[WhiteElo "2145"]
[BlackElo "2067"]
[PlyCount "79"]
[EventDate "1995.02.04"]

1. d4 Nf6 2. c4 c5 3. dxc5 e6 4. Nc3 Bxc5 5. Nf3 Nc6 6. a3 a5 7. Bg5 Be7 8. e3
O-O 9. Be2 d5 10. cxd5 Nxd5 11. Bxe7 Ncxe7 12. Nxd5 Nxd5 13. O-O Qb6 14. Qd4
Qxd4 15. Nxd4 Bd7 16. Bf3 Rac8 17. Rfc1 Rxc1+ 18. Rxc1 Rc8 19. Rxc8+ Bxc8 20.
Bxd5 exd5 21. Kf1 Bd7 22. Ke2 Kf8 23. Kd3 Ke7 24. Nb3 b6 25. Kd4 Kd6 26. Nc1
Bb5 27. Na2 Bf1 28. g3 Bb5 29. Nc3 Bc6 30. h4 g6 31. Ne2 Bd7 32. Nf4 Be6 33. f3
f6 34. g4 Bf7 35. g5 f5 36. b3 b5 37. Ne2 Be8 38. Nc3 Bc6 39. b4 a4 40. f4 1-0

[Event "IV Weekend A"]
[Site "Ceriano Laghetto ITA"]
[Date "1995.02.??"]
[Round "5"]
[White "Bellini, Fabio"]
[Black "Kokash, Fuad"]
[Result "1-0"]
[WhiteElo "2350"]
[BlackElo "1855"]
[PlyCount "61"]
[EventDate "1995.02.04"]

1. e4 d5 2. exd5 Nf6 3. d4 Nxd5 4. Nf3 Bg4 5. h3 Bxf3 6. Qxf3 Nc6 7. Bb5 Qd6 8.
O-O O-O-O 9. c3 f6 10. Nd2 g5 11. Ne4 Qd7 12. c4 Ndb4 13. d5 g4 14. hxg4 a6 15.
dxc6 bxc6 16. Ba4 Rg8 17. Rd1 Qxg4 18. Rxd8+ Kxd8 19. Qxg4 Rxg4 20. f3 Rg6 21.
Be3 f5 22. Nc5 e5 23. Rd1+ Kc8 24. a3 f4 25. Bf2 a5 26. axb4 axb4 27. Bc2 Rf6
28. Ra1 Kd8 29. Ra8+ Ke7 30. Bh4 Kf7 31. Rxf8+ 1-0